International report (Record no. 113385)

MARC details
000 -LEADER
fixed length control field 01045cad a22002415a 4500
001 - CONTROL NUMBER
control field L155194
008 - FIXED-LENGTH DATA ELEMENTS--GENERAL INFORMATION
fixed length control field 120309s2012 xxk f 000 a0eng d
035 ## - SYSTEM CONTROL NUMBER
System control number (Sirsi) u155194
041 0# - LANGUAGE CODE
Language code of text/sound track or separate title eng
110 2# - MAIN ENTRY--CORPORATE NAME
Corporate name or jurisdiction name as entry element Rider Levett Bucknall
9 (RLIN) 5520
245 00 - TITLE STATEMENT
Title International report
Remainder of title construction market intelligence, first quarter 2012
Medium [electronic resource]
260 3# - PUBLICATION, DISTRIBUTION, ETC.
Place of publication, distribution, etc. [S.l.]
Name of publisher, distributor, etc. RLB
Date of publication, distribution, etc. 2012
490 #0 - SERIES STATEMENT
Series statement RLB International Report
Volume/sequential designation Construction Market Intelligence, January 2012
520 ## - SUMMARY, ETC.
Summary, etc. This twice-yearly report covers construction market intelligence and data for Asia, USA, EMEA and Oceania; market data construction rates for cities in each region; statistics and tables.
521 ## - TARGET AUDIENCE NOTE
Target audience note Advanced
590 ## - LOCAL NOTE (RLIN)
Local note KA NTK
650 24 - SUBJECT ADDED ENTRY--TOPICAL TERM
Topical term or geographic name entry element RLB INTERNATIONAL REPORT
651 #4 - SUBJECT ADDED ENTRY--GEOGRAPHIC NAME
Geographic name International
690 ## - LOCAL SUBJECT ADDED ENTRY--TOPICAL TERM (OCLC, RLIN)
Topical term or geographic name as entry element Construction management
9 (RLIN) 6230
690 ## - LOCAL SUBJECT ADDED ENTRY--TOPICAL TERM (OCLC, RLIN)
Topical term or geographic name as entry element Cost management
9 (RLIN) 6233
856 40 - ELECTRONIC LOCATION AND ACCESS
Uniform Resource Identifier <a href="https://rlb.com/rlb.com/pdf/research/RLB_International_Report_First_Quarter_2012.pdf">https://rlb.com/rlb.com/pdf/research/RLB_International_Report_First_Quarter_2012.pdf</a>
Public note View the item free of charge (PDF file) at www.rlb.com
942 ## - ADDED ENTRY ELEMENTS (KOHA)
Suppress in OPAC 0
Holdings
Withdrawn status Lost status Source of classification or shelving scheme Damaged status Not for loan Home library Current library Shelving location Date acquired Total Checkouts Full call number Barcode Date last seen Copy number Price effective from Koha item type
    Dewey Decimal Classification     Virtual Virtual Online 09/03/2012   ONLINE PUBLICATION 155194-2001 06/08/2019 1 06/08/2019 Book